Organizational Behavior Managing People and Organizations (Record no. 11745)
[ view plain ]
| 000 -LEADER | |
|---|---|
| fixed length control field | 00498nam a22001937a 4500 |
| 003 - CONTROL NUMBER IDENTIFIER | |
| control field | OSt |
| 008 - FIXED-LENGTH DATA ELEMENTS--GENERAL INFORMATION | |
| fixed length control field | 230125b ||||| |||| 00| 0 eng d |
| 020 ## - INTERNATIONAL STANDARD BOOK NUMBER | |
| International Standard Book Number | 9789355730572 |
| 082 ## - DEWEY DECIMAL CLASSIFICATION NUMBER | |
| Classification number | 658 GRO |
| 100 ## - MAIN ENTRY--PERSONAL NAME | |
| Personal name | GRIFFIN,Ricky W |
| 245 ## - TITLE STATEMENT | |
| Title | Organizational Behavior Managing People and Organizations |
| 250 ## - EDITION STATEMENT | |
| Edition statement | 13th Ed |
| 260 ## - PUBLICATION, DISTRIBUTION, ETC. (IMPRINT) | |
| Place of publication, distribution, etc | New Delhi |
| Name of publisher, distributor, etc | Cengage |
| Date of publication, distribution, etc | 2022 |
| 300 ## - PHYSICAL DESCRIPTION | |
| Extent | 576 |
| 650 ## - SUBJECT ADDED ENTRY--TOPICAL TERM | |
| Topical term or geographic name as entry element | Organizational Behavior |
| 700 ## - ADDED ENTRY--PERSONAL NAME | |
| Personal name | PHILLIPS,Jean M |
| 700 ## - ADDED ENTRY--PERSONAL NAME | |
| Personal name | GULLY,Stanley M |
| 942 ## - ADDED ENTRY ELEMENTS (KOHA) | |
| Source of classification or shelving scheme | Dewey Decimal Classification |
| Koha item type | Reference Books |
| Withdrawn status | Lost status | Source of classification or shelving scheme | Damaged status | Not for loan | Collection code | Home library | Current library | Date acquired | Source of acquisition | Currency | Cost, normal purchase price | Bill Number | Total Checkouts | Full call number | Acc. no. / Barcode | Date last seen | Actual Cost, discounted price | Bill Date | Koha item type |
|---|---|---|---|---|---|---|---|---|---|---|---|---|---|---|---|---|---|---|---|
| Dewey Decimal Classification | MBA | PIET C-LIBRARY | PIET C-LIBRARY | 03/01/2023 | International Book Centre | IN Rupees | 999.00 | IB/IN/947 | 658.3 GRO | 34411 | 25/01/2023 | 699.30 | 03/01/2023 | Reference Books |